logo

Bir Sreshtho Munshi Abdur Rouf Library
Jhenaidah Cadet College

প্রত্যাবর্তন / (Record no. 11914)

MARC details
000 -LEADER
fixed length control field 00684nam a2200229 a 4500
001 - CONTROL NUMBER
JCCL Control Number 11914
003 - CONTROL NUMBER IDENTIFIER
JCCL marc code BD-JhCC
005 - DATE AND TIME OF LATEST TRANSACTION
control field 20220131134021.0
008 - FIXED-LENGTH DATA ELEMENTS--GENERAL INFORMATION
fixed length control field 201128b2018 bg |||| ||a| 000 0 ben d
020 ## - INTERNATIONAL STANDARD BOOK NUMBER
International Standard Book Number 9789843439574
035 ## - SYSTEM CONTROL NUMBER
system control number (BD-JhCC)11070
040 ## - CATALOGING SOURCE
Original cataloging agency BD-JhCC
Modifying agency BD-JhCC
041 ## - LANGUAGE CODE
Language code of Book ben
082 ## - DEWEY DECIMAL CLASSIFICATION NUMBER
Classification number 297
Author mark and Year AZA 2018
100 ## - MAIN ENTRY--PERSONAL NAME
Personal name আজাদ, আরিফ
245 ## - TITLE STATEMENT
Title প্রত্যাবর্তন /
Statement of responsibility, etc আরিফ আজাদ ।
260 ## - PUBLICATION, DISTRIBUTION, ETC. (IMPRINT)
Place of publication, distribution, etc ঢাকা:
Name of publisher, distributor, etc সমকালীন প্রকাশন;
Date of publication, distribution, etc ২০১৮.
300 ## - PHYSICAL DESCRIPTION
Pagination ২২১ পৃঃ . :
Dimensions ২২ সেমি.
650 ## - SUBJECT ADDED ENTRY--TOPICAL TERM
Topical term or geographic name as entry element Islamic History
942 ## - ADDED ENTRY ELEMENTS (KOHA)
Source of classification or shelving scheme Dewey Decimal Classification
Koha item type Books
Koha issues (borrowed), all copies 20
Holdings
Source of classification or shelving scheme volume number Damaged status Not for loan Home library Current library Shelving location Date of accession Source of acquisition Cost, normal purchase price Total Checkouts Full call number Barcode Date last seen Date checked out Copy number Method of acquisition Koha item type Currency Checked out
Dewey Decimal Classification V-1     JCC Rouf Library JCC Rouf Library General Stacks 11/28/2020 Lt. Gen. Mahfuzur Rahman (10th intake) 225.00 17 297 AZA 2018 16486 01/14/2026 11/09/2025 C-1 Gift/Donation Books BDT  
Dewey Decimal Classification V-2     JCC Rouf Library JCC Rouf Library General Stacks 05/16/2023   180.00 7 297 AZA 2018 17510 01/25/2026 01/25/2026 C-1 Purchase Books BDT 02/18/2026
Dewey Decimal Classification V-1     JCC Rouf Library JCC Rouf Library General Stacks   With the compliments of Maj (Retd) Syed Sakhawat Hussain,07/0388/K 350.00 6 297 AZA 2018 19756 01/28/2026 01/28/2026 C-2 Gift/Donation Books BDT 02/23/2026

JCC Library | Contacts | JCC Home

Last Update on 23 September 2017
Copyright @ 2017-2020 JCC Rouf Library
Rouf Library, Jhenidah Cadet College (JCC), Bangladesh